000 00328nam a2200133Ia 4500
008 240624s9999 xx 000 0 und d
041 _aeng
082 _a006.7 HUR
100 _aHUEWITZ JUDITH
245 _aCLOUD COMPUTING FOR DUMMIES
260 _c2010
_aNew Delhi
_bWiley
300 _a310 : p.: : 24 : cm.
365 _cRS
_b31
999 _c23031
_d23031